Statistiques concernant Pena Baiona- Paroles

Cliquez ici pour prendre le quiz!

Statistiques générales

  • Ce quiz a été pris 116 fois
  • Le résultat moyen est 199 sur 260

Statistiques - réponses

Paroles% Correct
à
99%
l'
99%
97%
là:
97%
là,
97%
la
97%
Peña,
96%
Peña
96%
le
94%
Baiona
93%
Baiona.
93%
Baiona,
93%
de
93%
et
93%
Les
93%
les
93%
une
93%
allez
91%
Allez,
91%
allez!
91%
blanc
91%
bleu
91%
Bayonnais
90%
Bayonnais,
90%
blancs
90%
Blancs
90%
blancs,
90%
Bleus
90%
bleus
90%
ces
90%
est
90%
l'Aviron
90%
il
88%
c'est
87%
gars
84%
gars,
84%
on
84%
On
84%
Dans
82%
dans
82%
encore
81%
cher
79%
fois,
79%
notre
79%
Bayonne
78%
petit
78%
Ils
74%
qui
71%
tous
71%
portent
69%
sa
69%
du
68%
ou
68%
gagné.
66%
fièrement
65%
que
65%
roi.
65%
rugby
65%
au
63%
foulards
63%
nous
63%
Partout
63%
partout,
63%
partout
63%
Dax
62%
leurs
62%
ont
62%
sur
62%
cœur
60%
Narbonne
60%
ne
60%
crie
59%
joie
57%
joueurs
57%
plus
57%
voit
57%
vos
57%
cet
56%
extérieur,
56%
l'essai,
56%
bien
54%
chers
54%
exploits,
54%
air
53%
applaudit
53%
Jean
53%
Jouez
53%
nos
51%
puis
51%
stades
50%
ras
49%
Dauger
47%
écartez,
47%
elle
47%
Chez
46%
met
46%
victoire
46%
enfiévrés
41%
bout,
40%
fête
37%
tant
37%
d'ardeur,
35%
vêtus
26%
souvent
22%
s'habillent
19%
brillent
15%

Distribution des résultats

Percentile par nombre de réponses

% des personnes avec chaque résultat

Votre développement - résultats

Vous n’avez pas pris ce quiz